000 00372 a2200157 4500
001 73334
020 _a
040 _cAnchieta - Colégio São Paulo
100 _aRodrigues, Marcus Vinícius
240 1 0 _aOs outros poemas de que falei
_lpor
245 1 0 _aOs outros poemas de que falei
300 _a95
362 0 _a2004
650 4 _aPoesia brasileira
942 _cBK
999 _c73334
_d73334